[Event "Festival Carnevale d'Europa"]
[Site "Cento ITA"]
[Date "2011.02.12"]
[Round "9"]
[White "La Bella, Roberto"]
[Black "Cocchi, Andrea"]
[WhiteElo "2138"]
[BlackElo "2281"]
[Result "0-1"]
[PlyCount "86"]
[EventDate "2011.02.05"]

1. e4 g6 2. d4 Bg7 3. Nf3 d6 4. c3 Nf6 5. Bd3 O-O 6. O-O Nc6 7. Qe2 e5 8. dxe5
Nxe5 9. Nxe5 dxe5 10. b3 Nh5 11. g3 Qf6 12. Rd1 Bh3 13. f3 Rfd8 14. Na3 Bf8 15.
Nc4 Ng7 16. Ne3 c6 17. Ng4 Bxg4 18. fxg4 Bc5+ 19. Kg2 Ne6 20. b4 Bb6 21. a4 a5
22. Rf1 Qe7 23. b5 Rac8 24. Ba3 Bc5 25. Bb2 Rc7 26. Rad1 Rcd7 27. Bc4 Kg7 28.
Bb3 Bb6 29. bxc6 bxc6 30. Rxd7 Rxd7 31. Bxe6 Qxe6 32. c4 Bd4 33. Bc1 Rb7 34. h4
Rb4 35. Qd2 Qxg4 36. Rf3 Qxe4 37. Qh6+ Kg8 38. Qd2 Rb3 39. Qd1 Rxf3 40. Qxf3
Qc2+ 41. Kh3 Qxc1 42. Qxc6 Qf1+ 43. Kh2 Bg1+ 0-1

[Event "Festival Carnevale d'Europa"]
[Site "Cento ITA"]
[Date "2011.02.12"]
[Round "9"]
[White "Lagrotteria, Salvatore"]
[Black "Setti, Roberto"]
[WhiteElo "2183"]
[BlackElo "1939"]
[Result "1-0"]
[PlyCount "67"]
[EventDate "2011.02.05"]

1. d4 e6 2. c4 b6 3. Nf3 Bb7 4. g3 Bb4+ 5. Bd2 Bxf3 6. exf3 Bxd2+ 7. Nxd2 Nf6
8. Bg2 d5 9. f4 O-O 10. O-O Qd6 11. cxd5 exd5 12. a3 Nbd7 13. b4 c5 14. dxc5
bxc5 15. Nc4 Qe6 16. Re1 Ne4 17. Ne3 Nc3 18. Qd3 Qf6 19. Nxd5 Nxd5 20. Qxd5
Rfd8 21. bxc5 Rac8 22. Rac1 g6 23. c6 Nb8 24. Qa5 Nxc6 25. Bxc6 Qb2 26. Qb4 Qa2
27. Bf3 Rb8 28. Qe7 a5 29. Re2 Qb3 30. Re3 Qa2 31. f5 Rd4 32. f6 h5 33. Qe5 Qd2
34. Qxb8+ 1-0

[Event "Festival Carnevale d'Europa"]
[Site "Cento ITA"]
[Date "2011.02.12"]
[Round "9"]
[White "Leon Hoyos, Manuel"]
[Black "Fierro Baquero, Martha Lorena"]
[WhiteElo "2565"]
[BlackElo "2363"]
[Result "1/2-1/2"]
[PlyCount "23"]
[EventDate "2011.02.05"]

1. e4 e5 2. Nf3 Nf6 3. Nxe5 d6 4. Nf3 Nxe4 5. Qe2 Qe7 6. d3 Nf6 7. Nc3 Qxe2+ 8.
Bxe2 Be7 9. Bg5 Bg4 10. Nd4 Bxe2 11. Kxe2 h6 12. Be3 1/2-1/2

[Event "Festival Carnevale d'Europa"]
[Site "Cento ITA"]
[Date "2011.02.12"]
[Round "9"]
[White "Manca, Federico"]
[Black "De Andres Gonalons, Fernando"]
[WhiteElo "2384"]
[BlackElo "2084"]
[Result "1-0"]
[PlyCount "41"]
[EventDate "2011.02.05"]

1. e4 e6 2. d4 d5 3. Nc3 Nf6 4. Bg5 Be7 5. e5 Nfd7 6. h4 Bxg5 7. hxg5 Qxg5 8.
Nh3 Qe7 9. Qg4 g6 10. O-O-O Nb6 11. Ng5 h5 12. Qg3 N8d7 13. Rh4 Rg8 14. Rf4 Rg7
15. Rd3 f5 16. exf6 Nxf6 17. Rdf3 Nbd7 18. Nxe6 Qxe6 19. Re3 Ne4 20. Nxe4 Kd8
21. Ng5 1-0

[Event "Festival Carnevale d'Europa"]
[Site "Cento ITA"]
[Date "2011.02.12"]
[Round "9"]
[White "Molina, Fabrizio"]
[Black "Borgo, Giulio"]
[WhiteElo "2236"]
[BlackElo "2401"]
[Result "0-1"]
[PlyCount "62"]
[EventDate "2011.02.05"]

1. Nf3 b6 2. g3 Bb7 3. Bg2 g6 4. c4 e5 5. d4 exd4 6. Qxd4 Qf6 7. Qe3+ Qe7 8.
Qd4 Nf6 9. Nc3 Nc6 10. Qf4 O-O-O 11. O-O Bg7 12. Nb5 Ne8 13. Rb1 f5 14. b3 a6
15. Nbd4 Nxd4 16. Nxd4 Bxg2 17. Kxg2 Nd6 18. Bb2 Rhe8 19. Nf3 Ne4 20. Bxg7 Qxg7
21. Ng5 Nxg5 22. Qxg5 Rxe2 23. Rbe1 Rde8 24. Qc1 Qd4 25. Kg1 Qxf2+ 26. Rxf2
Rxe1+ 27. Qxe1 Rxe1+ 28. Kg2 Re4 29. Kf3 a5 30. h3 h5 31. Rd2 d6 0-1

[Event "Festival Carnevale d'Europa"]
[Site "Cento ITA"]
[Date "2011.02.12"]
[Round "9"]
[White "Monducci, Mirko"]
[Black "Guidi, Marco"]
[WhiteElo "1925"]
[BlackElo "1867"]
[Result "1-0"]
[PlyCount "99"]
[EventDate "2011.02.05"]

1. c4 b5 2. cxb5 c5 3. bxc6 Nxc6 4. Nc3 Ba6 5. d3 g6 6. e3 Bg7 7. Be2 Nf6 8. d4
Bxe2 9. Ngxe2 O-O 10. O-O Rb8 11. b3 d5 12. Bb2 Qd6 13. Rb1 e6 14. Na4 Ng4 15.
g3 h5 16. h3 Nh6 17. Nc5 a5 18. a3 Nf5 19. Qd2 Bh6 20. Rbc1 Rfc8 21. Kg2 Rb5
22. a4 Rbb8 23. Bc3 Nb4 24. Bxb4 Rxb4 25. Rc3 Rcb8 26. Qc2 Kh7 27. Qd3 R4b6 28.
Rfc1 Bg7 29. R3c2 Ra8 30. Nc3 Qe7 31. Nb5 Qg5 32. Kh2 e5 33. Rg1 exd4 34. exd4
Re8 35. Nd7 Rxb5 36. axb5 Bxd4 37. b6 Qe7 38. Qb5 Nd6 39. Qxd5 Bxf2 40. Rxf2
Qxd7 41. Rd1 Re6 42. Rfd2 Qc8 43. Qxa5 Qe8 44. Rg2 Nb7 45. Qb4 Qc6 46. Rf2 Kg8
47. Qf4 Re7 48. Re1 Qd7 49. Rxe7 Qxe7 50. Qc7 1-0

[Event "Festival Carnevale d'Europa"]
[Site "Cento ITA"]
[Date "2011.02.12"]
[Round "9"]
[White "Necesito, Donald"]
[Black "Bonetti, Carlo"]
[WhiteElo "1437"]
[BlackElo "1915"]
[Result "1/2-1/2"]
[PlyCount "42"]
[EventDate "2011.02.05"]

1. c4 e6 2. g3 f5 3. Bg2 Nf6 4. d3 Be7 5. Nc3 O-O 6. b3 a5 7. Bb2 d6 8. Qc2 Nc6
9. Nf3 Bd7 10. Rd1 Qe8 11. Qd2 e5 12. O-O Qh5 13. Qg5 Qf7 14. Qd2 f4 15. Ne4
Nxe4 16. dxe4 Qg6 17. Nxe5 Nxe5 18. Bxe5 fxg3 19. Bxg3 Bc6 20. Qd3 Qe6 21. f4
h5 1/2-1/2

[Event "Festival Carnevale d'Europa"]
[Site "Cento ITA"]
[Date "2011.02.12"]
[Round "9"]
[White "Pasqualetto, Lorenzo"]
[Black "Modder, Frank"]
[WhiteElo "1691"]
[BlackElo "1926"]
[Result "0-1"]
[PlyCount "44"]
[EventDate "2011.02.05"]

1. e4 e6 2. d4 d5 3. Nc3 Nf6 4. Bg5 Bb4 5. e5 h6 6. Bd2 Bxc3 7. Bxc3 Ne4 8. Qg4
g6 9. Bd3 Nxc3 10. bxc3 c5 11. Bb5+ Bd7 12. Bxd7+ Nxd7 13. Ne2 Rc8 14. Qg3 cxd4
15. Qd3 dxc3 16. f4 Rc4 17. O-O Nc5 18. Qf3 Ne4 19. Rfd1 Qb6+ 20. Kf1 Nd2+ 21.
Rxd2 cxd2 22. Qd3 Qb2 0-1

[Event "Festival Carnevale d'Europa"]
[Site "Cento ITA"]
[Date "2011.02.12"]
[Round "9"]
[White "Pierangeli, Andrea"]
[Black "Albinelli, Alberto"]
[WhiteElo "1964"]
[BlackElo "1817"]
[Result "0-1"]
[PlyCount "138"]
[EventDate "2011.02.05"]

1. e4 e5 2. Nf3 Nf6 3. d3 Nc6 4. g3 d5 5. Qe2 Bg4 6. c3 Bd6 7. Bg2 O-O 8. O-O
h6 9. Nbd2 Qd7 10. Rd1 Rad8 11. Nf1 d4 12. Qc2 Nh5 13. Re1 Kh8 14. N3d2 Bh3 15.
Bf3 Bg4 16. Qd1 Nf6 17. Bxg4 Nxg4 18. h3 Nf6 19. Kg2 Nh7 20. Nf3 dxc3 21. bxc3
Be7 22. Bb2 Qxd3 23. Qb3 Qa6 24. Rad1 Qb6 25. Rxd8 Bxd8 26. Qc2 Ng5 27. Nxg5
Bxg5 28. Ba3 Be7 29. Rb1 Qa6 30. Bc1 Rd8 31. Be3 b6 32. Qb3 Kg8 33. Qb5 Qxa2
34. Nd2 Qe6 35. Qa6 Qg6 36. Re1 Bg5 37. Bxg5 Qxg5 38. Nf3 Qe7 39. g4 g6 40. Qc4
Rd6 41. Qa6 Kg7 42. Re2 Qd8 43. Qb5 f6 44. Qa6 Qa8 45. h4 Ne7 46. g5 Qc8 47.
gxf6+ Kxf6 48. Qxc8 Nxc8 49. Nh2 Ke6 50. Ng4 h5 51. Ne3 Ne7 52. f3 a5 53. Kf2
b5 54. Ra2 Ra6 55. Ke2 Kd6 56. Kd1 Kc5 57. Rg2 b4 58. Kc2 a4 59. cxb4+ Kxb4 60.
Kb2 Rf6 61. Rg3 c5 62. Nc2+ Kc4 63. Ne1 Nc6 64. Ka3 Nd4 65. Rg5 Nb5+ 66. Kb2
a3+ 67. Ka1 Rd6 68. Nc2 Kb3 69. Ne3 Rd3 0-1

[Event "Festival Carnevale d'Europa"]
[Site "Cento ITA"]
[Date "2011.02.12"]
[Round "9"]
[White "Romanishin, Oleg M."]
[Black "Piscopo, Pierluigi"]
[WhiteElo "2534"]
[BlackElo "2406"]
[Result "1/2-1/2"]
[PlyCount "48"]
[EventDate "2011.02.05"]

1. d4 Nf6 2. Nf3 e6 3. g3 c5 4. Bg2 cxd4 5. O-O d5 6. Nxd4 e5 7. Nb3 Be6 8. Nc3
Be7 9. f4 exf4 10. gxf4 g6 11. Kh1 Nc6 12. Be3 O-O 13. Nd4 Qd7 14. Nxe6 fxe6
15. Bg1 Bb4 16. Qd3 Nh5 17. e3 Rac8 18. Ne2 Bc5 19. c4 Rfd8 20. Rad1 Nf6 21. a3
Qe7 22. b4 Bb6 23. cxd5 exd5 24. Qb3 Kg7 1/2-1/2

[Event "Festival Carnevale d'Europa"]
[Site "Cento ITA"]
[Date "2011.02.12"]
[Round "9"]
[White "Umudova, Nargiz"]
[Black "Baldazzi, Stefano"]
[WhiteElo "2246"]
[BlackElo "2180"]
[Result "1/2-1/2"]
[PlyCount "87"]
[EventDate "2011.02.05"]

1. e4 c5 2. Nf3 d6 3. d4 cxd4 4. Qxd4 a6 5. Bc4 Nc6 6. Qd3 e6 7. Nc3 b5 8. Bb3
Qc7 9. O-O Be7 10. Nd4 Nxd4 11. Qxd4 Nf6 12. a4 bxa4 13. Bxa4+ Kf8 14. Kh1 Bb7
15. f4 Rd8 16. Bd2 h5 17. Bb3 h4 18. h3 Nh5 19. Rfe1 Ng3+ 20. Kh2 Rh5 21. Ra4
Rc5 22. Nd1 d5 23. e5 Nf5 24. Qf2 Rxc2 25. Bxc2 Qxc2 26. Ra1 Bc5 27. Qe2 Ng3
28. Ne3 Qxb2 29. Qd3 Qd4 30. Qxd4 Bxd4 31. Rab1 Bc6 32. Bb4+ Kg8 33. Be7 Rd7
34. Bxh4 Bxe3 35. Kxg3 d4 36. Rb8+ Kh7 37. Rc8 Be4 38. Rd8 Rb7 39. Kg4 Bxg2 40.
Ra1 Be4 41. Bg3 Rb1 42. Rxb1 Bxb1 43. Kf3 a5 44. Bf2 1/2-1/2

[Event "Festival Carnevale d'Europa"]
[Site "Cento ITA"]
[Date "2011.02.12"]
[Round "9"]
[White "Valenti, Giuseppe"]
[Black "Govoni, Fausto"]
[WhiteElo "2133"]
[BlackElo "2203"]
[Result "0-1"]
[PlyCount "66"]
[EventDate "2011.02.05"]

1. e4 c5 2. f4 e6 3. Nf3 d5 4. exd5 exd5 5. Bb5+ Nc6 6. d4 a6 7. Be2 Nf6 8. O-O
Bf5 9. c3 Qb6 10. Kh1 Be7 11. b3 O-O 12. Be3 Rfe8 13. Bg1 Ne4 14. Ne5 cxd4 15.
cxd4 Nb4 16. a3 Qh6 17. Rf3 f6 18. axb4 fxe5 19. dxe5 Rad8 20. g3 Bxb4 21. Bd4
Rc8 22. Kg1 Re6 23. Ra2 Rec6 24. Be3 d4 25. Qxd4 Bc5 26. Qd5+ Kh8 27. Bxc5 Rxc5
28. Qxb7 a5 29. Bc4 Qh5 30. Nd2 R5c7 31. Qd5 Rd7 32. Qxd7 Bxd7 33. Rd3 Bc6 0-1